Les 10 plus grandes villes d'Estonie - Statistiques

Statistiques générales
  • Ce quiz a été pris 48 fois
  • Le résultat moyen est 4 sur 10
Statistiques - réponses
Population Ville % Correct
394 024 Tallinn
100%
101 092 Tartu
66%
66 980 Narva
59%
44 192 Pärnu
52%
20 309 Viljandi
31%
46 060 Kohtla-Jaerve
21%
16 736 Rakvere
17%
14 921 Kuressaare
14%
16 672 Sillamaee
7%
16 630 Maardu
3%
Aucun quiz correspondant
Distribution des résultats
% des personnes avec chaque résultat
Percentile par nombre de réponses
Votre historique - résultats
Vous n’avez pas pris ce quiz